Statistics for Highest Scoring NBA Players of the 2000s

Click here to take the quiz!

General Stats

  • This quiz has been taken 30 times
  • The average score is 13 of 20

Answer Stats

PointsPlayer% Correct
21,065Kobe Bryant
100%
12,993LeBron James
100%
15,276Shaquille O'Neal
100%
19,154Allen Iverson
96%
18,699Dirk Nowitzki
93%
16,638Kevin Garnett
93%
16,431Tim Duncan
93%
12,219Steve Nash
85%
17,812Paul Pierce
81%
16,101Ray Allen
81%
16,380Tracy McGrady
81%
17,341Vince Carter
59%
13,254Shawn Marion
44%
13,284Richard Hamilton
37%
12,852Elton Brand
26%
12,964Jason Terry
22%
15,434Antawn Jamison
19%
12,515Mike Bibby
19%
12,746Stephon Marbury
19%
13,081Rashard Lewis
15%

Score Distribution

Percentile by Number Answered

Percent of People with Each Score

Your Score History

You have not taken this quiz